[Event "Titled Tuesday intern op 15th Aug Late"]
[Site "Chess.com INT"]
[Date "2023.08.15"]
[Round "5"]
[White "Jakic, Ivan"]
[Black "Nasir, Zehn"]
[Result "1/2-1/2"]
[WhiteElo "2333"]
[BlackElo "2057"]
[PlyCount "125"]
[EventDate "2023.08.15"]
[EventType "swiss (blitz)"]
[EventRounds "11"]
[EventCountry "USA"]
[SourceTitle "EXT 2024"]
[Source "ChessBase"]
[SourceDate "2023.10.10"]
[SourceVersion "1"]
[SourceVersionDate "2023.10.10"]
[SourceQuality "1"]

1. e4 c6 2. d4 d5 3. f3 Qa5+ 4. Nc3 Nf6 5. e5 Ng8 6. f4 Bf5 7. Nf3 e6 8. Bd3 Nh6 9. 0-0 c5 10. dxc5 Bxc5+ 11. Kh1 Nc6 12. a3 Qd8 13. h3 Bxd3 14. cxd3 Nf5 15. Kh2 Ne3 16. Bxe3 Bxe3 17. g3 h5 18. h4 Qb6 19. Na4 Qb5 20. d4 Rc8 21. Re1 Bf2 22. Re2 Bxd4 23. Rc1 Bb6 24. Nxb6 Qxb6 25. Rec2 g6 26. Ng5 0-0 27. g4 Qe3 28. Nh3 hxg4 29. Qxg4 Ne7 30. Rxc8 Rxc8 31. Rxc8+ Nxc8 32. h5 Ne7 33. hxg6 Nxg6 34. Qg5 Qd2+ 35. Kg3 Qxb2 36. Qd8+ Kg7 37. Qf6+ Kg8 38. Ng5 Qc3+ 39. Kg4 Qc7 40. Kh5 Qe7 41. Nf3 Qxf6 42. exf6 Nxf4+ 43. Kg4 Nd3 44. Kg5 Kf8 45. Nd2 e5 46. Kf5 e4 47. Nf1 Ke8 48. Ne3 d4 49. Nc4 e3 50. Ke4 e2 51. Kxd3 e1Q 52. Kxd4 Qf2+ 53. Ke5 Qxf6+ 54. Kxf6 Kd7 55. Ne5+ Kd6 56. Nxf7+ Kc5 57. Ke5 Kc4 58. Nd6+ Kb3 59. Nxb7 Kxa3 60. Kd5 Kb4 61. Kc6 a6 62. Kb6 a5 63. Nxa5 1/2-1/2

[Event "Titled Tuesday intern op 15th Aug Late"]
[Site "Chess.com INT"]
[Date "2023.08.15"]
[Round "4"]
[White "Jakic, Ivan"]
[Black "Quispe Santacruz, Javier"]
[Result "1-0"]
[WhiteElo "2333"]
[BlackElo "1805"]
[PlyCount "63"]
[EventDate "2023.08.15"]
[EventType "swiss (blitz)"]
[EventRounds "11"]
[EventCountry "USA"]
[SourceTitle "EXT 2024"]
[Source "ChessBase"]
[SourceDate "2023.10.10"]
[SourceVersion "1"]
[SourceVersionDate "2023.10.10"]
[SourceQuality "1"]

1. e4 c5 2. Nf3 d6 3. d4 cxd4 4. Qxd4 Nc6 5. Bb5 Bd7 6. Bxc6 Bxc6 7. Nc3 Nf6 8. Bg5 e6 9. Qd3 Be7 10. Nd4 Qc7 11. f4 Rc8 12. 0-0-0 a6 13. Kb1 b5 14. Nxc6 Qxc6 15. e5 dxe5 16. fxe5 Nd7 17. Bxe7 Kxe7 18. Qg3 b4 19. Qg5+ Kf8 20. Rd6 Qc7 21. Rhd1 h6 22. Qh4 g5 23. Qxb4 Nc5 24. Ne4 Kg7 25. Nxc5 Qxc5 26. Qe4 Rc7 27. h4 Rb8 28. b3 a5 29. hxg5 hxg5 30. R6d2 Rb4 31. Qf3 a4 32. Qf6+ 1-0

[Event "Titled Tuesday intern op 15th Aug Late"]
[Site "Chess.com INT"]
[Date "2023.08.15"]
[Round "3"]
[White "Valenzuela Gomez, Fernando Alberto"]
[Black "Jakic, Ivan"]
[Result "1-0"]
[WhiteElo "2393"]
[BlackElo "2333"]
[PlyCount "117"]
[EventDate "2023.08.15"]
[EventType "swiss (blitz)"]
[EventRounds "11"]
[EventCountry "USA"]
[SourceTitle "EXT 2024"]
[Source "ChessBase"]
[SourceDate "2023.10.10"]
[SourceVersion "1"]
[SourceVersionDate "2023.10.10"]
[SourceQuality "1"]

1. Nf3 Nf6 2. c4 Nc6 3. d4 e6 4. a3 d6 5. Nc3 g6 6. g3 Bg7 7. Bg2 0-0 8. 0-0 Re8 9. h3 Bd7 10. Bg5 h6 11. Be3 a6 12. Qd2 Kh7 13. b4 e5 14. Rad1 e4 15. Ne1 h5 16. Kh2 Bf5 17. Bg5 Qd7 18. Nc2 Kg8 19. Ne3 Nh7 20. Nxf5 Qxf5 21. Be3 Qd7 22. Nxe4 f5 23. Nc3 Nf6 24. f3 h4 25. g4 Nh7 26. Bf2 g5 27. e4 f4 28. Rfe1 Re7 29. Nd5 Rf7 30. Bf1 Re8 31. c5 Nd8 32. Bc4 Kh8 33. Nc3 Rff8 34. Bb3 Nf7 35. e5 dxe5 36. d5 e4 37. Nxe4 Ne5 38. Qe2 Nf6 39. Kg2 Nxe4 40. Qxe4 Nxg4 41. hxg4 Rxe4 42. Rxe4 Re8 43. Rde1 Rxe4 44. Rxe4 h3+ 45. Kxh3 Qb5 46. Kg2 Qd3 47. Bc4 Qd2 48. d6 cxd6 49. Re8+ Kh7 50. Bg8+ Kg6 51. Re6+ Bf6 52. Rxd6 Qb2 53. Bd5 Kg7 54. Bxb7 a5 55. Rd7+ Kf8 56. c6 Ke8 57. c7 Kxd7 58. c8Q+ Ke7 59. Qc5+ 1-0

[Event "Titled Tuesday intern op 13th Jun Late"]
[Site "Chess.com INT"]
[Date "2023.06.13"]
[Round "2"]
[White "Jakic, Ivan"]
[Black "Garcia Correa, Jose Ricardo"]
[Result "1-0"]
[WhiteElo "2350"]
[BlackElo "2103"]
[PlyCount "43"]
[EventDate "2023.06.13"]
[EventType "swiss (blitz)"]
[EventRounds "11"]
[EventCountry "USA"]
[SourceTitle "EXT 2024"]
[Source "ChessBase"]
[SourceDate "2023.10.10"]
[SourceVersion "1"]
[SourceVersionDate "2023.10.10"]
[SourceQuality "1"]

1. e4 e5 2. Nf3 Nc6 3. Bb5 Bc5 4. 0-0 Qf6 5. c3 Nge7 6. a4 a6 7. Bc4 0-0 8. b4 Ba7 9. d3 h6 10. Be3 d6 11. Nbd2 Ng6 12. Kh1 Nf4 13. g3 Nh3 14. Kg2 Bg4 15. Qe1 Qg6 16. b5 Na5 17. Nh4 Qf6 18. Bxa7 Rxa7 19. f3 Bc8 20. Ba2 Nf4+ 21. gxf4 Qxh4 22. Qxh4 1-0

[Event "Titled Tuesday intern op 13th Jun Late"]
[Site "Chess.com INT"]
[Date "2023.06.13"]
[Round "7"]
[White "Prydun, Andriy"]
[Black "Jakic, Ivan"]
[Result "1-0"]
[WhiteElo "2134"]
[BlackElo "2350"]
[PlyCount "87"]
[EventDate "2023.06.13"]
[EventType "swiss (blitz)"]
[EventRounds "11"]
[EventCountry "USA"]
[SourceTitle "EXT 2024"]
[Source "ChessBase"]
[SourceDate "2023.10.10"]
[SourceVersion "1"]
[SourceVersionDate "2023.10.10"]
[SourceQuality "1"]

1. e4 c5 2. Nf3 d6 3. c3 Nf6 4. h3 g6 5. Bd3 Bg7 6. 0-0 0-0 7. Bc2 e5 8. d3 Nc6 9. Nbd2 d5 10. Qe2 Re8 11. Re1 h6 12. a3 Be6 13. exd5 Nxd5 14. Ne4 b6 15. Bd2 f5 16. Ng3 Bf7 17. Qf1 Qd7 18. Rad1 Rad8 19. Bc1 Kh7 20. Ba4 a6 21. h4 b5 22. Bc2 Nf4 23. Bxf4 exf4 24. Ne2 Qd6 25. h5 g5 26. d4 Bxh5 27. Bxf5+ Kh8 28. dxc5 Qxc5 29. Rxd8 Rxd8 30. Bb1 Bxf3 31. gxf3 Rd2 32. Qh3 Ne5 33. Be4 g4 34. fxg4 f3 35. Nd4 Nf7 36. Qxf3 Bxd4 37. Qxf7 Bxf2+ 38. Kh1 Rd7 39. Qxd7 Kg8 40. Qe8+ Kg7 41. Rf1 Qe3 42. Qg6+ Kf8 43. Qf6+ Ke8 44. Bc6# 1-0

[Event "Titled Tuesday intern op 30th May Early"]
[Site "Chess.com INT"]
[Date "2023.05.30"]
[Round "2"]
[White "Maung, Maung Kyaw Zaw"]
[Black "Jakic, Ivan"]
[Result "0-1"]
[WhiteElo "2119"]
[BlackElo "2350"]
[PlyCount "42"]
[EventDate "2023.05.30"]
[EventType "swiss (blitz)"]
[EventRounds "11"]
[EventCountry "USA"]
[SourceTitle "CBM 214 Extra"]
[Source "ChessBase"]
[SourceDate "2023.07.31"]
[SourceVersion "1"]
[SourceVersionDate "2023.07.31"]
[SourceQuality "1"]

1. Nf3 Nf6 2. c4 Nc6 3. d4 e6 4. Bg5 Bb4+ 5. Nbd2 h6 6. Bxf6 Qxf6 7. e3 0-0 8. a3 Bxd2+ 9. Qxd2 d6 10. Be2 e5 11. d5 Ne7 12. 0-0 Ng6 13. b4 a5 14. c5 Bf5 15. Rfc1 axb4 16. axb4 Rxa1 17. Rxa1 Be4 18. Ra7 Rb8 19. Bd3 Bxf3 20. gxf3 Nh4 21. f4 Nf3+ 0-1

[Event "Titled Tuesday intern op 16th May Early"]
[Site "Chess.com INT"]
[Date "2023.05.16"]
[Round "3"]
[White "Hajiyev, Kanan"]
[Black "Jakic, Ivan"]
[Result "1-0"]
[WhiteElo "2197"]
[BlackElo "2350"]
[PlyCount "127"]
[EventDate "2023.05.16"]
[EventType "swiss (blitz)"]
[EventRounds "11"]
[EventCountry "USA"]
[SourceTitle "CBM 214 Extra"]
[Source "ChessBase"]
[SourceDate "2023.07.31"]
[SourceVersion "1"]
[SourceVersionDate "2023.07.31"]
[SourceQuality "1"]

1. d4 Nf6 2. Nf3 e6 3. c4 Nc6 4. Nc3 Bb4 5. a3 Bxc3+ 6. bxc3 d6 7. Qc2 Qe7 8. e4 e5 9. d5 Nb8 10. Bg5 Nbd7 11. a4 h6 12. Be3 b6 13. a5 Rb8 14. axb6 axb6 15. Bd3 0-0 16. 0-0 Ng4 17. Bd2 Nc5 18. h3 Nf6 19. Be3 Nh5 20. Ra7 Nxd3 21. Qxd3 f5 22. Qb1 fxe4 23. Nd2 Bf5 24. Nxe4 Nf6 25. Nxf6+ Qxf6 26. Qb5 Qg6 27. Kh2 Bd3 28. Rfa1 Be4 29. Rg1 Rf7 30. Qc6 Rc8 31. Bxb6 Qf5 32. Be3 Rf6 33. Rxc7 Rxc7 34. Qxc7 Rg6 35. c5 Bxd5 36. cxd6 Qe4 37. g4 Qc4 38. Qxc4 Bxc4 39. Rd1 Bb5 40. d7 Bxd7 41. Rxd7 Rc6 42. Rd3 Kf7 43. f3 Ke6 44. Kg3 Rc4 45. Kf2 g5 46. Ke2 Ra4 47. Bd2 Ra1 48. Be1 Ra2+ 49. Rd2 Ra3 50. Rc2 Kd5 51. c4+ Kc6 52. Bf2 Ra1 53. h4 Rh1 54. hxg5 hxg5 55. Be3 Rh2+ 56. Kd3 Rh3 57. Ke4 Rh8 58. Bxg5 Re8 59. Bf6 Re6 60. Bxe5 Re8 61. g5 Rf8 62. g6 Rg8 63. g7 Rxg7 64. Bxg7 1-0

[Event "Titled Tuesday intern op 16th May Early"]
[Site "Chess.com INT"]
[Date "2023.05.16"]
[Round "4"]
[White "Jakic, Ivan"]
[Black "Pinto, Daniel"]
[Result "1-0"]
[WhiteElo "2350"]
[BlackElo "2274"]
[PlyCount "105"]
[EventDate "2023.05.16"]
[EventType "swiss (blitz)"]
[EventRounds "11"]
[EventCountry "USA"]
[SourceTitle "CBM 214 Extra"]
[Source "ChessBase"]
[SourceDate "2023.07.31"]
[SourceVersion "1"]
[SourceVersionDate "2023.07.31"]
[SourceQuality "1"]

1. e4 c6 2. d4 d5 3. f3 e6 4. Nc3 Nf6 5. e5 Nfd7 6. f4 c5 7. Nf3 Nc6 8. Bd3 Nxd4 9. Nxd4 cxd4 10. Ne2 Bc5 11. 0-0 0-0 12. a3 a5 13. b3 f6 14. exf6 Nxf6 15. Bb2 Ng4 16. Nxd4 Qh4 17. h3 Ne3 18. Qe1 Qxe1 19. Rfxe1 Rxf4 20. c3 Nf5 21. Bxf5 Rxf5 22. Kh1 Bxd4 23. cxd4 Bd7 24. Rac1 Rc8 25. Rxc8+ Bxc8 26. Rc1 Bd7 27. Rc7 Bc6 28. Bc3 Rf1+ 29. Kh2 Rb1 30. b4 axb4 31. Bxb4 h5 32. h4 Kh7 33. Bd6 Kg6 34. Be5 Ra1 35. Rxg7+ Kf5 36. Bd6 Ke4 37. Bc5 b6 38. Bxb6 Rxa3 39. Rg5 Be8 40. Bc5 Rb3 41. Re5+ Kf4 42. Rxe6 Bd7 43. Re5 Bg4 44. Rxd5 Rb2 45. Rd8 Ke4 46. Re8+ Kd5 47. Rf8 Ke4 48. Kg3 Rb3+ 49. Kh2 Rb2 50. Rf6 Bf3 51. Rxf3 Rc2 52. Rg3 Kf4 53. Rg5 1-0

[Event "Zadar op-A 25th"]
[Site "Zadar"]
[Date "2018.12.16"]
[Round "2"]
[White "Ermeni, Avni"]
[Black "Jakic, Ivan"]
[Result "0-1"]
[WhiteElo "2183"]
[BlackElo "2393"]
[PlyCount "194"]
[EventDate "2018.12.15"]
[EventType "swiss"]
[EventRounds "9"]
[EventCountry "CRO"]
[SourceTitle "CBM 187 Extra"]
[Source "ChessBase"]
[SourceDate "2018.11.04"]
[SourceVersion "1"]
[SourceVersionDate "2018.11.04"]
[SourceQuality "1"]

1. e4 c5 2. Nc3 g6 3. f4 Bg7 4. Nf3 Nc6 5. Bb5 Nd4 6. 0-0 Nxb5 7. Nxb5 d5 8. e5 d4 9. a4 Nh6 10. Qe2 0-0 11. b3 Be6 12. Rb1 Qd7 13. c4 f6 14. d3 Bg4 15. Bd2 Nf7 16. exf6 exf6 17. Rfe1 a6 18. Na3 Rae8 19. Qf1 Qc6 20. Rxe8 Rxe8 21. Re1 Rxe1 22. Nxe1 Qb6 23. b4 cxb4 24. a5 Qxa5 25. Nec2 Bf8 26. Qe1 Bf5 27. Bxb4 Bxb4 28. Qxb4 Qxb4 29. Nxb4 a5 30. Nbc2 Bxd3 31. Nxd4 Nd6 32. c5 Nc4 33. Nab5 a4 34. Kf2 a3 35. Nc3 Bb1 36. Nb3 a2 37. Ke2 Kf7 38. g3 Ke6 39. g4 Na5 40. Na1 Nc6 41. Ke3 Nb4 42. Kd4 Nd3 43. Nd5 Nf2 44. Ne3 Nh3 45. Nd5 h6 46. Nc7+ Kf7 47. Nb5 Ke6 48. Nc7+ Ke7 49. Nd5+ Kf7 50. Nb3 Nf2 51. Ne3 Ke6 52. h4 f5 53. gxf5+ gxf5 54. Nd5 Nd3 55. Nc7+ Kd7 56. Nd5 Ne1 57. h5 Bc2 58. Na1 Bd1 59. Nb4 Bxh5 60. Nxa2 Bf7 61. Nb4 Ng2 62. Ke5 Ne3 63. Kd4 Ng4 64. Nac2 h5 65. Ne3 Be6 66. Ng2 Ke7 67. Nh4 Kf6 68. Nd5+ Bxd5 69. Kxd5 Nf2 70. c6 bxc6+ 71. Kxc6 Ke6 72. Kc5 Nd3+ 73. Kd4 Nxf4 74. Ke3 Nd5+ 75. Kf3 Kf6 76. Kg3 Ne7 77. Nf3 Ng6 78. Ng1 f4+ 79. Kg2 Ne5 80. Nh3 Kf5 81. Nf2 Ng4 82. Nh3 Ke4 83. Ng1 Ke3 84. Nf3 Nh6 85. Nh4 Ke2 86. Kh3 Ng4 87. Ng2 Kf3 88. Ne1+ Kf2 89. Ng2 f3 90. Nf4 Nf6 91. Kh2 Ng4+ 92. Kh1 h4 93. Nh3+ Kg3 94. Ng5 f2 95. Ne4+ Kf4 96. Nd2 Ne3 97. Kh2 f1Q 0-1

[Event "Zadar op-A 24th"]
[Site "Zadar"]
[Date "2017.12.11"]
[Round "4"]
[White "Sahil, Tickoo"]
[Black "Jakic, Ivan"]
[Result "1/2-1/2"]
[WhiteElo "2131"]
[BlackElo "2378"]
[PlyCount "107"]
[EventDate "2017.12.09"]
[EventType "swiss"]
[EventRounds "9"]
[EventCountry "CRO"]
[SourceTitle "CBM 182 Extra"]
[Source "ChessBase"]
[SourceDate "2018.02.23"]
[SourceVersion "1"]
[SourceVersionDate "2018.02.23"]
[SourceQuality "1"]

1. d4 Nf6 2. c4 Nc6 3. Nf3 e6 4. Nc3 Bb4 5. Qc2 d6 6. Bd2 0-0 7. a3 Bxc3 8. Bxc3 Qe7 9. e3 a5 10. b3 e5 11. d5 Nb8 12. Nd2 c6 13. dxc6 bxc6 14. Bd3 d5 15. 0-0 e4 16. Be2 Bf5 17. b4 axb4 18. axb4 Nbd7 19. Qb2 Nb6 20. Rxa8 Rxa8 21. Ra1 Rb8 22. Be5 Re8 23. Bd4 Nxc4 24. Nxc4 dxc4 25. Bxc4 Be6 26. Bxf6 Qxf6 27. Qxf6 gxf6 28. Rc1 Rb8 29. Bxe6 fxe6 30. Rxc6 Rxb4 31. g4 Kf7 32. Kg2 Rb5 33. Rc4 Re5 34. Rc7+ Kg6 35. Re7 h5 36. h3 hxg4 37. hxg4 f5 38. gxf5+ Kxf5 39. Rf7+ Kg6 40. Rf4 Rg5+ 41. Kf1 Re5 42. Ke2 Kg5 43. Ke1 Kg6 44. Kf1 Kg5 45. Kg2 Kg6 46. Kh3 Rh5+ 47. Kg3 Rg5+ 48. Kh2 Rf5 49. Kg3 Rg5+ 50. Rg4 Kf5 51. Rxg5+ Kxg5 52. Kh3 Kh5 53. Kg3 Kg5 54. Kh3 1/2-1/2

[Event "Zadar op-A 24th"]
[Site "Zadar"]
[Date "2017.12.10"]
[Round "2"]
[White "Kathmale, Sameer"]
[Black "Jakic, Ivan"]
[Result "1-0"]
[WhiteElo "2264"]
[BlackElo "2378"]
[PlyCount "73"]
[EventDate "2017.12.09"]
[EventType "swiss"]
[EventRounds "9"]
[EventCountry "CRO"]
[SourceTitle "CBM 182 Extra"]
[Source "ChessBase"]
[SourceDate "2018.02.23"]
[SourceVersion "1"]
[SourceVersionDate "2018.02.23"]
[SourceQuality "1"]

1. e4 c5 2. Nf3 d6 3. d4 cxd4 4. Nxd4 Nf6 5. Nc3 a6 6. h3 e6 7. g4 b5 8. Bg2 Bb7 9. 0-0 Nfd7 10. Re1 e5 11. Nf5 Nb6 12. Be3 g6 13. Bxb6 Qxb6 14. Ne3 Bh6 15. Ncd5 Qd8 16. h4 Nd7 17. g5 Bg7 18. Qf3 0-0 19. Bh3 Nb6 20. Red1 Nxd5 21. Nxd5 Bxd5 22. Rxd5 f6 23. Rad1 fxg5 24. Rxd6 Qe7 25. Qb3+ Kh8 26. hxg5 Qxg5+ 27. Qg3 Qe7 28. Rd7 Qe8 29. Qg5 Rf6 30. R1d5 Qf8 31. Qd2 Bh6 32. Qa5 Qg8 33. Qc7 Raf8 34. Re7 R6f7 35. Rdd7 Rxe7 36. Rxe7 Rd8 37. Be6 1-0

[Event "Zadar op-A 24th"]
[Site "Zadar"]
[Date "2017.12.09"]
[Round "1"]
[White "Jakic, Ivan"]
[Black "Villeneuve, Alain"]
[Result "1/2-1/2"]
[WhiteElo "2378"]
[BlackElo "2261"]
[PlyCount "73"]
[EventDate "2017.12.09"]
[EventType "swiss"]
[EventRounds "9"]
[EventCountry "CRO"]
[SourceTitle "CBM 182 Extra"]
[Source "ChessBase"]
[SourceDate "2018.02.23"]
[SourceVersion "1"]
[SourceVersionDate "2018.02.23"]
[SourceQuality "1"]

1. e4 Nf6 2. e5 Nd5 3. d4 d6 4. Nf3 dxe5 5. Nxe5 c6 6. Bc4 g6 7. 0-0 Bg7 8. Bb3 0-0 9. Re1 Nd7 10. Nd2 Nxe5 11. dxe5 a5 12. a4 Qc7 13. Nf3 Bg4 14. Bxd5 cxd5 15. Qxd5 Rfd8 16. Qe4 Bxf3 17. gxf3 Rac8 18. c3 e6 19. f4 Qb6 20. Qe2 Rd5 21. Be3 Qc6 22. Red1 Rcd8 23. Rxd5 Rxd5 24. Qc2 f6 25. exf6 Bxf6 26. Rd1 Kg7 27. Rxd5 exd5 28. Qd1 b5 29. axb5 Qxb5 30. Bd4 Bxd4 31. Qxd4+ Kh6 32. f5 Qxb2 33. Qe3+ Kg7 34. Qe5+ Kh6 35. Qe3+ Kg7 36. Qa7+ Kh6 37. Qe3+ 1/2-1/2

[Event "CRO-chT1B 26th"]
[Site "Mali Losinj"]
[Date "2017.09.28"]
[Round "1.4"]
[White "Plat, Vojtech"]
[Black "Jakic, Ivan"]
[Result "1-0"]
[WhiteElo "2539"]
[BlackElo "2378"]
[PlyCount "53"]
[EventDate "2017.09.28"]
[EventType "team-tourn"]
[EventRounds "9"]
[EventCountry "CRO"]
[SourceTitle "EXT 2018"]
[Source "ChessBase"]
[SourceDate "2017.10.13"]
[SourceVersion "1"]
[SourceVersionDate "2017.10.13"]
[SourceQuality "1"]
[WhiteTeam "Zagreb Mladost"]
[BlackTeam "Zadar"]
[WhiteTeamCountry "CRO"]
[BlackTeamCountry "CRO"]

1. e4 c5 2. Nf3 d6 3. d4 cxd4 4. Nxd4 Nf6 5. Nc3 a6 6. Be2 e6 7. Be3 Nc6 8. 0-0 Be7 9. f4 0-0 10. Kh1 Qc7 11. Qe1 Nxd4 12. Bxd4 b5 13. a3 Bb7 14. Qg3 Bc6 15. Rad1 Qb7 16. Bf3 a5 17. Rfe1 b4 18. e5 dxe5 19. fxe5 Nd5 20. Ne4 Kh8 21. Nd6 Qd7 22. c4 bxc3 23. bxc3 f5 24. c4 Nc7 25. Bb6 f4 26. Qf2 Kg8 27. Nf5 1-0

[Event "Zadar op-A 23rd"]
[Site "Zadar"]
[Date "2016.12.16"]
[Round "8"]
[White "Jakic, Ivan"]
[Black "Cebalo, Miso"]
[Result "1/2-1/2"]
[WhiteElo "2380"]
[BlackElo "2333"]
[PlyCount "50"]
[EventDate "2016.12.11"]
[EventType "swiss"]
[EventRounds "9"]
[EventCountry "CRO"]
[SourceTitle "CBM 176 Extra"]
[Source "ChessBase"]
[SourceDate "2017.03.02"]
[SourceVersion "1"]
[SourceVersionDate "2017.03.02"]
[SourceQuality "1"]

1. e4 c5 2. Nf3 d6 3. d4 cxd4 4. Nxd4 Nf6 5. f3 Nc6 6. c4 Nxd4 7. Qxd4 g6 8. Nc3 Bg7 9. Be3 0-0 10. Qd2 a5 11. Rd1 a4 12. Be2 Qa5 13. Nb5 Qxd2+ 14. Rxd2 Bd7 15. Nd4 Rfc8 16. 0-0 Ne8 17. Rfd1 Nc7 18. b4 axb3 19. Nxb3 Be6 20. Nd4 Ra3 21. Kf2 Na6 22. Nxe6 fxe6 23. Rb1 Rc7 24. Bb6 Rc8 25. Be3 Rc7 1/2-1/2

[Event "Zadar op-A 23rd"]
[Site "Zadar"]
[Date "2016.12.13"]
[Round "4"]
[White "Jakic, Ivan"]
[Black "Piskur, Mitja"]
[Result "1/2-1/2"]
[WhiteElo "2380"]
[BlackElo "2285"]
[PlyCount "85"]
[EventDate "2016.12.11"]
[EventType "swiss"]
[EventRounds "9"]
[EventCountry "CRO"]
[SourceTitle "CBM 176 Extra"]
[Source "ChessBase"]
[SourceDate "2017.03.02"]
[SourceVersion "1"]
[SourceVersionDate "2017.03.02"]
[SourceQuality "1"]

1. e4 d5 2. exd5 Qxd5 3. Nc3 Qd8 4. d4 Nf6 5. Nf3 Bg4 6. h3 Bxf3 7. Qxf3 c6 8. Be3 e6 9. Bd3 Bb4 10. 0-0 0-0 11. Ne4 Nbd7 12. Rad1 Re8 13. c4 Bf8 14. Rfe1 Qa5 15. a3 Nxe4 16. Qxe4 g6 17. Bd2 Qc7 18. Bc3 Bg7 19. Bf1 Rad8 20. g3 Nf6 21. Qe3 b6 22. Bg2 Rc8 23. Qf3 Nd7 24. Re2 Nf8 25. Red2 Red8 26. a4 a6 27. Rd3 Re8 28. Re1 Nd7 29. Red1 Nf8 30. h4 e5 31. dxe5 Bxe5 32. Bh3 f5 33. Bxe5 Qxe5 34. b3 Ne6 35. Bg2 Red8 36. Re3 Rxd1+ 37. Qxd1 Qd4 38. Qe2 Nc5 39. Bxc6 Rxc6 40. Re8+ Kg7 41. Qe7+ Kh6 42. Qg5+ Kg7 43. Re7+ 1/2-1/2

[Event "Zadar op-A 23rd"]
[Site "Zadar"]
[Date "2016.12.12"]
[Round "3"]
[White "Jakic, Ivan"]
[Black "Krstulovic, Alex"]
[Result "1/2-1/2"]
[WhiteElo "2380"]
[BlackElo "2258"]
[PlyCount "193"]
[EventDate "2016.12.11"]
[EventType "swiss"]
[EventRounds "9"]
[EventCountry "CRO"]
[SourceTitle "CBM 176 Extra"]
[Source "ChessBase"]
[SourceDate "2017.03.02"]
[SourceVersion "1"]
[SourceVersionDate "2017.03.02"]
[SourceQuality "1"]

1. e4 e5 2. Nf3 Nc6 3. Bb5 a6 4. Ba4 d6 5. Bxc6+ bxc6 6. d4 exd4 7. Nxd4 c5 8. Nf3 Nf6 9. 0-0 Be7 10. e5 Nd7 11. exd6 cxd6 12. Bf4 Nb6 13. Nc3 0-0 14. Re1 Be6 15. a4 Re8 16. a5 Nc4 17. Nd5 Nxb2 18. Nxe7+ Rxe7 19. Qxd6 Qxd6 20. Bxd6 Rd7 21. Bxc5 Rc8 22. Bb6 Nc4 23. h3 Rb7 24. Bd4 h6 25. c3 Rb5 26. Ne5 Nxa5 27. Ng6 Kh7 28. Nf4 Bc4 29. g4 Nb3 30. Rxa6 Nxd4 31. cxd4 Rd8 32. d5 Rbxd5 33. Nxd5 Bxa6 34. Ne3 g6 35. Kh2 Re8 36. Kg3 Re5 37. h4 h5 38. Ra1 Be2 39. Kf4 Rb5 40. g5 Bd3 41. Ra4 Bf5 42. Rd4 Be6 43. Kg3 Kg7 44. Ng2 Rb3+ 45. Kf4 Rb5 46. Kg3 Rb3+ 47. f3 Bf5 48. Nf4 Rb6 49. Rd8 Be6 50. Re8 Ba2 51. Re2 Bc4 52. Rc2 Be6 53. Rc7 Ba2 54. Nd3 Rd6 55. Ne5 Be6 56. Rc3 Rd4 57. Nd3 Bf5 58. Nf4 Rd6 59. Re3 Bb1 60. Re5 Ba2 61. Ra5 Rd2 62. Ra3 Bd5 63. Ra7 Ba2 64. Nh3 Be6 65. Nf4 Ba2 66. Re7 Bc4 67. Re4 Bf1 68. Re5 Bc4 69. Rc5 Ba2 70. Rc3 Bb1 71. Rc5 Ba2 72. Rc1 Bb3 73. Re1 Bc4 74. Re3 Rb2 75. Re4 Rc2 76. Rd4 Ba2 77. Rb4 Rd2 78. Ng2 Re2 79. Rd4 Bb1 80. Rb4 Ba2 81. Re4 Rb2 82. Re3 Be6 83. Nf4 Bc4 84. Re4 Rc2 85. Ng2 Be6 86. Ne3 Rd2 87. Re5 Rd3 88. Kf4 Ra3 89. Re4 Ra5 90. Re5 Ra4+ 91. Kg3 Ra3 92. Nc2 Rd3 93. Re3 Rd2 94. Nb4 Rd6 95. Rd3 Rb6 96. Rd4 Rb5 97. Nc2 1/2-1/2

[Event "Zadar op-A 22nd"]
[Site "Zadar"]
[Date "2015.12.19"]
[Round "9"]
[White "Jakic, Ivan"]
[Black "Kovacevic, Aleksandar"]
[Result "0-1"]
[WhiteElo "2378"]
[BlackElo "2507"]
[PlyCount "92"]
[EventDate "2015.12.13"]
[EventType "swiss"]
[EventRounds "9"]
[EventCountry "CRO"]
[SourceTitle "EXT 2017"]
[Source "ChessBase"]
[SourceDate "2016.10.25"]
[SourceVersion "1"]
[SourceVersionDate "2016.10.25"]
[SourceQuality "1"]

1. e4 c5 2. Nf3 d6 3. d4 cxd4 4. Nxd4 Nf6 5. f3 e5 6. Nb3 Nc6 7. c4 Be6 8. Be3 Be7 9. Be2 a5 10. Nc3 0-0 11. 0-0 a4 12. Nd2 Nd4 13. Bd3 Qa5 14. Rc1 Nd7 15. Nd5 Bxd5 16. cxd5 b5 17. Bxd4 exd4 18. f4 Nc5 19. Nf3 Rae8 20. Bb1 d3 21. Bxd3 Bf6 22. e5 Nxd3 23. Qxd3 dxe5 24. fxe5 Bxe5 25. Nxe5 Rxe5 26. Qd4 Re2 27. Rf2 Re7 28. d6 Rd7 29. Rfc2 Rfd8 30. Rc8 h6 31. Rxd8+ Qxd8 32. Rc6 Qe8 33. h3 Qe1+ 34. Kh2 Qe6 35. Qc5 Qe4 36. Rb6 Kh7 37. Qf2 Qe5+ 38. Qg3 Qd5 39. a3 f5 40. Qf4 Rf7 41. Qb4 Qe5+ 42. Kh1 f4 43. Rxb5 Qe2 44. Rd5 f3 45. Qd2 fxg2+ 46. Kh2 g1Q+ 0-1

[Event "Zadar op-A 22nd"]
[Site "Zadar"]
[Date "2015.12.13"]
[Round "1"]
[White "Jakic, Ivan"]
[Black "Piskur, Mitja"]
[Result "1-0"]
[WhiteElo "2378"]
[BlackElo "2234"]
[PlyCount "139"]
[EventDate "2015.12.13"]
[EventType "swiss"]
[EventRounds "9"]
[EventCountry "CRO"]
[SourceTitle "EXT 2017"]
[Source "ChessBase"]
[SourceDate "2016.10.25"]
[SourceVersion "1"]
[SourceVersionDate "2016.10.25"]
[SourceQuality "1"]

1. e4 d5 2. exd5 Qxd5 3. Nc3 Qd8 4. d4 Nf6 5. Nf3 g6 6. Bc4 Bg7 7. 0-0 0-0 8. Ne5 Nbd7 9. f4 Nb6 10. Bb3 c6 11. h3 a5 12. a4 Nbd5 13. Qf3 Be6 14. Ne2 Nc7 15. c4 Nd7 16. Be3 f6 17. Nd3 Bf7 18. Rfd1 Na6 19. d5 c5 20. Nc3 b6 21. Rd2 Nc7 22. Re1 Ne8 23. Rde2 Nd6 24. Bf2 Re8 25. g4 Nf8 26. Ne5 fxe5 27. fxe5 g5 28. exd6 exd6 29. Bc2 Rxe2 30. Rxe2 Ng6 31. Bg3 Bd4+ 32. Kg2 Ne5 33. Bxe5 Bxe5 34. Bxh7+ Kg7 35. Bf5 Qe7 36. Ne4 Rh8 37. Qb3 Qd8 38. Nd2 Re8 39. Nf3 Bf6 40. Be6 Bg6 41. Qe3 Rf8 42. Rf2 Be7 43. Re2 Rf4 44. Bf5 Bxf5 45. Qxe7+ Qxe7 46. Rxe7+ Kf6 47. Re3 Rxc4 48. gxf5 Rxa4 49. Re6+ Kxf5 50. Rxd6 Rb4 51. Rd8 g4 52. Rf8+ Ke4 53. hxg4 Rxb2+ 54. Kg3 Kxd5 55. g5 Re2 56. g6 Re7 57. Kf4 a4 58. Kf5 Rg7 59. Ne5 Kd4 60. Kf6 Rxg6+ 61. Nxg6 Kc3 62. Ra8 Kb3 63. Ke5 a3 64. Kd5 a2 65. Ne5 Kb2 66. Nc4+ Kb1 67. Na3+ Kb2 68. Nc2 Kb3 69. Ra3+ Kb2 70. Kc4 1-0